000 00467nam a2200181Ia 4500
001 13549
005 20260306164809.0
008 260306t2018||||xx |||||||||||||| ||spa||
041 _aESP
082 _a004.6
_bS726
100 _aScolari, Carlos A.
_eAUT
245 0 _aLas leyes de la Interfaz:
_bdiseño, ecología, evolución, tecnología
260 _c2018
300 _a174 páginas :
_c22 cm.
650 _aGEN
654 _aCHU
942 _cLIB
_dJUS
_fJUS
_2ddc
_n
999 _c13549
_d13549